000 00512nam a2200181 a 4500
001 000020187
005 20200929170314.0
008 100727s2004 cu ac 000 0 spa d
020 _a9592096015
040 _aDO-SdBNP
_bspa
_cBNPHU
082 _axxx
_bV145d
100 1 _aValdés, Martha
_942782
245 1 0 _aDónde vive la música /
_cMartha Valdés.
260 _aLa Habana :
_bUnión,
_c2004.
300 _a196 p. :
_bil., retrs ;
_c22 cm.
500 _aIncluye notas al pie de las páginas
049 _aBNPD
999 _c19694
_d19694